E-governance for development administration / (Record no. 98789)
[ view plain ]
| 000 -LEADER | |
|---|---|
| fixed length control field | 01180nam a22003137a 4500 |
| 003 - CONTROL NUMBER IDENTIFIER | |
| control field | URS |
| 005 - DATE AND TIME OF LATEST TRANSACTION | |
| control field | 20260223164113.0 |
| 008 - FIXED-LENGTH DATA ELEMENTS--GENERAL INFORMATION | |
| fixed length control field | 260212t2024 ph ||||| |||| 001 0 eng d |
| 020 ## - INTERNATIONAL STANDARD BOOK NUMBER | |
| International Standard Book Number | 9786214271689 |
| 040 ## - CATALOGING SOURCE | |
| Original cataloging agency | DLC |
| Language of cataloging | eng |
| Transcribing agency | DLC |
| Modifying agency | DLC |
| -- | URS |
| Description conventions | rda |
| 082 ## - DEWEY DECIMAL CLASSIFICATION NUMBER | |
| Classification number | 351.033 |
| Item number | E103 2024 |
| 100 ## - MAIN ENTRY--PERSONAL NAME | |
| Personal name | Abante, Mamelo V., |
| Relator term | authors. |
| 245 ## - TITLE STATEMENT | |
| Title | E-governance for development administration / |
| Statement of responsibility, etc. | Marmelo V. Abante, ...[and seven others]. |
| 264 ## - PRODUCTION, PUBLICATION, DISTRIBUTION, MANUFACTURE, AND COPYRIGHT NOTICE | |
| Place of production, publication, distribution, manufacture | Philippines: |
| Name of producer, publisher, distributor, manufacturer | Unlimited Books Library Services & Publishing Inc., |
| Date of production, publication, distribution, manufacture, or copyright notice | [2024] |
| 300 ## - PHYSICAL DESCRIPTION | |
| Extent | x, 279 pages; |
| Dimensions | 25 cm. |
| 336 ## - CONTENT TYPE | |
| Source | rdacontent |
| Content type term | text |
| Content type code | txt |
| 337 ## - MEDIA TYPE | |
| Source | rdamedia |
| Media type term | unmediated |
| Media type code | n |
| 338 ## - CARRIER TYPE | |
| Source | rdacarrier |
| Carrier type term | volume |
| Carrier type code | nc |
| 504 ## - BIBLIOGRAPHY, ETC. NOTE | |
| Bibliography, etc. note | Includes bibliographical references (pages 273-279), and indexes. |
| 650 ## - SUBJECT ADDED ENTRY--TOPICAL TERM | |
| Topical term or geographic name entry element | Public Administration -- Computer network resources |
| 700 ## - ADDED ENTRY--PERSONAL NAME | |
| Personal name | Villegas, Renato A., |
| Relator term | authors. |
| 700 ## - ADDED ENTRY--PERSONAL NAME | |
| Personal name | Julianes, Melchor S., |
| Relator term | authors. |
| 700 ## - ADDED ENTRY--PERSONAL NAME | |
| Personal name | Dela Cruz, Estarlita G., |
| Relator term | co-authors. |
| 700 ## - ADDED ENTRY--PERSONAL NAME | |
| Personal name | Asturias, Peter M., |
| Relator term | co-authors. |
| 700 ## - ADDED ENTRY--PERSONAL NAME | |
| Personal name | Bautista, Ariel F., |
| Relator term | co-authors. |
| 700 ## - ADDED ENTRY--PERSONAL NAME | |
| Personal name | Abueg, Mary Joy B., |
| Relator term | co-authors. |
| 700 ## - ADDED ENTRY--PERSONAL NAME | |
| Personal name | Nillo, Mario S., |
| Relator term | co-authors. |
| 942 ## - ADDED ENTRY ELEMENTS (KOHA) | |
| Source of classification or shelving scheme | Dewey Decimal Classification |
| Koha item type | Filipiniana |
| Withdrawn status | Source of classification or shelving scheme | Damaged status | Not for loan | Home library | Current library | Shelving location | Date acquired | Total Checkouts | Full call number | Barcode | Date last seen | Price effective from | Koha item type |
|---|---|---|---|---|---|---|---|---|---|---|---|---|---|
| Dewey Decimal Classification | Pililla College Library | Pililla College Library | Filipiniana Section | 02/12/2026 | 351.033 E103 2024 | URSPIL-7506 | 02/12/2026 | 02/12/2026 | Filipiniana |